|
|
|
|
| LEADER |
00000nab a2200000 ar4500 |
| 001 |
vtls010678940 |
| 003 |
SK-MaSNL |
| 005 |
20260303121752.0 |
| 008 |
150513c20150213xo mr|p|||||||000 b|slo |
| 038 |
|
|
|a SNSK
|
| 040 |
|
|
|b slo
|c SNSK
|e AACR2
|
| 041 |
|
|
|a slo
|
| 044 |
|
|
|a xo
|c SK
|
| 080 |
|
|
|a 726.8
|x (437.672.122.170)
|2 2001
|
| 080 |
|
|
|a 393
|2 2001
|
| 245 |
0 |
0 |
|a Dom smútku majú v športovej hale!
|b kuriozita v Trebišove
|c [autor] kz
|
| 300 |
|
|
|b Fotogr.
|
| 650 |
0 |
7 |
|a domy smútku
|2 snsk
|9 30771
|
| 650 |
0 |
7 |
|a športové haly
|2 snsk
|9 74428
|
| 650 |
0 |
7 |
|a Opravy a rekonštrukcie
|2 snsk
|9 1044953
|
| 650 |
0 |
7 |
|a provizórium
|2 snsk
|9 1135634
|
| 650 |
0 |
7 |
|a pochovávanie mŕtvych
|2 snsk
|9 58852
|
| 651 |
|
7 |
|a Trebišov (Slovensko)
|2 snsk
|9 26686
|
| 773 |
0 |
|
|t Nový Čas
|g Roč. 25, č. 36 (13.2.2015), s. 9
|x 1335-4655
|
| 852 |
|
|
|a SNSK
|b KIS3GCP
|
| 999 |
|
|
|c 1917550
|d 1919480
|